| 000 | 00563nam a2200193 i 4500 | ||
|---|---|---|---|
| 001 | 33904 | ||
| 003 | ES-MaACL | ||
| 005 | 20230906154836.0 | ||
| 007 | t| | ||
| 008 | 030203s1968 sp ||||1| spa d | ||
| 080 | _a821.134.2(728.7)-34"19" | ||
| 100 | 1 |
_aBlas Tejeira, Gil. _929354 |
|
| 245 | 1 | 0 |
_aLienzos istmeños / _cGil Blas Tejeira ; prólogo de Renato Ozores. |
| 260 |
_aMadrid : _bCultura Hispánica, _c1968 ( _fHéroes) |
||
| 300 |
_a505 p. ; _c22 cm. |
||
| 700 | 1 |
_aOzores, Renato. _988076 |
|
| 852 |
_aES-MaACL _jE-5377 |
||
| 852 |
_aES-MaACL _jC-46859 |
||
| 999 |
_c33904 _d33904 |
||